MDQL
is popping MORE tags! Check the
thread
!
Quizzes
Events
Quiz Creation
Community
Videos
Private Events
Remove Ads
Sign In
Join for FREE
Feedback
Dark Mode
Quiz Categories
Sports
Geography
Music
Movies
Television
Just For Fun
Miscellaneous
History
Literature
Language
Science
Gaming
Entertainment
Religion
Holiday
For Kids
Quiz Lab
Recent
Popular Today
Quiz Kudos Today
Editor Picks
Curator Picks
Quizzes by...
Day
Popularity
Type
Ratings
Length
Year
Community
Subscriptions
Recent Discussions
Orange Saloon
Badges
Playlists
Quests
Create
Leaderboards
Showdown
Live 5
Trivia Bingo
Activity
Puzzle Library
Sporcle Events
Private Events
Virtual Trivia
Globe League
Become a Host
Pub Owners
SporcleCon
Opinionation
Our Games
Videos
Blog
Mobile Apps
Partnerships
Remove Ads and Go Orange
Feedback
Language
Vocabulary
Begins and Ends
Definition
Spanish
French
German
Italian
Chinese
Latin
Translation
Japanese
Language
Vocabulary
Begins and Ends
Definition
Spanish
French
German
Italian
Chinese
Latin
Translation
Japanese
Random Quiz
Search Sporcle
×
Quiz Lab
Quiz Lab
Language
German
Type in answers that appear in a list
Type in answers that appear in a list
Classic
Best Score? Go Orange.
Sprichwort Stats
Can you name the Sprichwort?
By
canfielk
5m
13 Questions
53 Plays
53 Plays
53 Plays
Comments
Comments
Give Quiz Kudos
Give Quiz Kudos
-
- Ratings
hide this ad
No Skip
Answers have to be entered in order without skipping
Answers have to be entered in order without skipping
Replay
Link that replays current quiz
Next Quiz
Link to next quiz in quiz playlist
You Got
0%
They Got
Avg Score
21%
Avg Friend Score
Upgrade to see
Score Distribution
Jump to the score distribution portion of the page
Score
0/13
Timer
05:00
0
Plays Today
english
german
% Correct
?
???
100%
?
???
37.7%
?
???
30.2%
?
???
28.3%
?
???
18.9%
?
???
17%
?
???
9.4%
?
???
7.5%
?
???
7.5%
?
???
5.7%
?
???
5.7%
?
???
3.8%
?
???
3.8%
Quiz Playlist
Details
Report
Send in Message
Add To Playlist
Classic:
Type in answers that appear in a list
No Skip:
Answers have to be entered in order without skipping
Last Updated: Feb 16, 2017
Quiz Scoreboard
CHALLENGE
Sign Up to Join the Scoreboard
Show All
Scores
Hide
Comments
May contain spoilers
Recently Published
Colored Red Africa Blitz
by spor1
Geography
30s
Find the 'City' Movie
by crazypaving
Movies
60s
5x2 Blitz: Bands
by SL_Kpop136
Music
30s
More to Explore
Quiz From the Vault
Featured Blog Post
14 Easter Pick-up Lines to Find Eggs With
hide this ad
You Might Also Like...
Tags
German Quiz
English
Today's Top Quizzes in Language
Browse Language
hide this ad
Today's Top Quizzes in German
Browse German
Top Contributed Quizzes in Language
1
Arabic Numerals
2
1-10 Letter H Words III
3
1-10 Letter F Words III
4
1-10 Letter G Words III
5
1-10 Letter I Words III
6
1-10 Letter M Words III
7
1-10 Letter K Words III
8
1-10 Letter L Words III
9
1-10 Letter N Words III
10
1-10 Letter J Words III
Explore More
Trending Topics
Crossword
NBA
Disney
Marvel
Anime
Harry Potter
Kpop
NFL
The Office
WWE
Soccer
Pokémon
Song
Country
Puzzle
hide this ad
More By:
canfielk
Quiz
Plays
Rating
Category
Featured
Created
Sprichwort
53
Language
May 11, 2010
German vocab
50
1.00
Language
May 11, 2010
Chapter 1 Themen und Vokabular
5
Language
Jun 27, 2010
Go to Creator's Profile
Score Distribution
Quiz Creator Spotlight
canfielk
Follow
Send a Message
Quizzes Created
-
Created Quiz Play Count
-
More By This Creator
Popular Quizzes Today
1
Colored Red Africa Blitz
2
Find the 'City' Movie
3
Find the US States - No Outlines Minefield
4
5x2 Blitz: Bands
5
The Countries of the World
6
Find the US States
7
US States
8
9x9 Crossword: Cartoon Network
More Language Quizzes
J, Q, X, or Z?
Published
Trending Quizzes
Colored Red Europe Blitz I
Colored Red Europe Blitz II
Colored Red Africa Blitz II
Colored Red Africa Blitz III
Colored Red Europe Blitz III
Recently Updated
Godzilla Movies
pecheneg
Grab Bag: 4-10 Letters
pecheneg
2024 March Madness Bracket
pecheneg
Famous TV Couples
Peacemaker
Champions League XIs: Real Madrid
pecheneg
Largest US Cities 1790-2010
pecheneg
Rides in Walt Disney World
pecheneg
Most Oscar Losses (Acting)
pecheneg
Beyoncé Albums
pecheneg
Leaping Animals
pecheneg
Trending Topics
Disney
NBA
Harry Potter
Marvel
Crossword
Kpop
Anime
Pokémon
Soccer
WWE
Country
Song
NFL
The Office
Puzzle
Your Account Isn't Verified!
In order to create a playlist on Sporcle, you need to verify the email address you used during registration. Go to your
Sporcle Settings
to finish the process.
Report this User
Report this user for behavior that violates our
Community Guidelines
.
Details:
Send Report
Go to the Sporcle.com Mobile Site →
Comments